Protagonismo Judicial Novo ativismo e teoria geral da funȯ̂ jurisdicional /

Bibliographic Details
Main Author: Bezerra da Costa Neto, Jos ̌Wellington
Format: eBook
Language:Portuguese
Published: San Pablo: LEUD - Livraria e Editora Universitr̀ia de Direito, 2017
Subjects:
Online Access:Acceso restringido

MARC

LEADER 00000nam a22000007a 4500
005 20170709234126.0
007 cr|||| ||||
008 170709s2017 br |||||s|||| 00||0 por d
020 |a 978-85-7456-336-7 
035 |a 20411 
040 |a vLex 
090 |c 6811  |d 6811 
100 1 |a Bezerra da Costa Neto, Jos ̌Wellington 
245 1 0 |a Protagonismo Judicial  |h [Recurso electrn̤ico] :  |b Novo ativismo e teoria geral da funȯ̂ jurisdicional /  |c Jos ̌Wellington Bezerra da Costa Neto 
256 |a Servicio en ln̕ea 
260 |a San Pablo:  |b LEUD - Livraria e Editora Universitr̀ia de Direito,  |c 2017 
300 |a 1 recurso electrn̤ico 
506 1 |a Disponible solo en los productos indicados  |d vLex Global  |d vLex Global (Academic Edition, excluding Law Schools)  |d vLex Global (U.S. Academic Edition, Law Schools)  |d vLex Global (U.S. Academic Edition, excluding Law Schools)  |d vLex Global (Academic Edition, Law Schools) 
650 0 4 |a Poder Judicial  |z Brasil 
740 0 |a vLex Libros (Servicio en ln̕ea) 
856 4 0 |u http://vlex.com/source/protagonismo-judicial-20411  |z Acceso restringido 
942 |c BOOK 
999 0 |a Power of attorney